| 000 | 00700nam a22002537a 4500 | ||
|---|---|---|---|
| 001 | sjds | ||
| 003 | sjds | ||
| 005 | 20230623093311.0 | ||
| 008 | 230623b |||||||| |||| 00| 0 spa d | ||
| 020 | _a9684163290 | ||
| 020 | _a9789684163294 | ||
| 020 | _a7509994010109 | ||
| 024 |
_2UPC _a7509994010109 |
||
| 040 | _csjds | ||
| 041 | _aspa | ||
| 100 | 1 | 0 | _aFuchshuber, Annegert |
| 245 |
_aAnimales prehistoricos _cAnnegert Fuchshuber |
||
| 260 |
_aMexico D.F. : _bFernández editores, _c 1981 |
||
| 300 |
_a16 unnumbered pages : _bcolor illustrations ; _c15 cm |
||
| 440 | _a Libro Fesa para saber | ||
| 500 | _aCover title | ||
| 500 | _aTranslation of: Tiere der Urwelt | ||
| 942 | _cBK | ||
| 999 |
_c28190 _d28190 |
||